Online Catalogue and eLibrary

Kirulu palandi ape meemoththo (Record no. 5309)

MARC details
000 -LEADER
fixed length control field 00389nam a2200157Ia 4500
005 - DATE AND TIME OF LATEST TRANSACTION
control field 20250704021732.0
008 - FIXED-LENGTH DATA ELEMENTS--GENERAL INFORMATION
fixed length control field 240331s9999 xx 000 0 und d
020 ## - INTERNATIONAL STANDARD BOOK NUMBER
ISBN 9559542605
082 ## - DDC Classification
Item Number - Author Mark MAG
Class No. 954
100 ## - MAIN ENTRY--PERSONAL NAME
Personal name Maggonage,K.C
245 #0 - TITLE STATEMENT
Title Kirulu palandi ape meemoththo
260 ## - PUBLICATION, DISTRIBUTION, ETC.
Place of publication, distribution, etc. Dehiwala
Name of publisher, distributor, etc. K.w. Janarajana
Date of publication, distribution, etc. 1991
300 ## - PHYSICAL DESCRIPTION
Extent (e.g. Volumes, Pages etc.) 87 p .,
650 ## - SUBJECT ADDED ENTRY--TOPICAL TERM
Topical term or geographic name entry element Sri Lanka - History
942 ## - Koha item type (Biblio)
Koha item type Books in Stacks (Lending)
Holdings
Lost status Damaged status Collection code Home library Current library Shelving location Date acquired Full call number Accession Number Item type
    Lending WERC Library WERC Library Social Science Cupboard 03/31/2024 954.93 MAG 3350 Books in Stacks (Lending)

© WERC Library